000 00293nam a22001337a 4500
008 170714b xxu||||| |||| 00| 0 eng d
020 _a9780415141178
041 _aeng
080 _a101
100 _a24
101 _aFJA
245 _aAN OUTLINE OF PHILOSOPHY
_cRUSSELL,B
942 _2udc
_cBK
999 _c20677
_d20677